[Event "BRA-ch (Women) 62nd"]
[Site "Timbo"]
[Date "2023.10.31"]
[Round "4"]
[White "Ramos, Fernanda Cabreira"]
[Black "Toffoli, Vanessa"]
[Result "1/2-1/2"]
[WhiteElo "1234"]
[BlackElo "1381"]
[PlyCount "143"]
[EventDate "2023.10.29"]
[EventType "swiss"]
[EventRounds "9"]
[EventCountry "BRA"]
[SourceTitle "Mega2024 Update 01"]
[Source "Chessbase"]
[SourceDate "2023.11.12"]
[SourceVersion "1"]
[SourceVersionDate "2023.11.12"]
[SourceQuality "1"]

1. d4 Nf6 2. Nf3 g6 3. g3 Bg7 4. Bg2 0-0 5. 0-0 d6 6. b3 c6 7. Bb2 Bf5 8. c4 d5 9. Nbd2 Ne4 10. cxd5 cxd5 11. Nh4 Nxd2 12. Qxd2 Be6 13. Rab1 Nc6 14. e3 Qd7 15. Rfc1 Bh3 16. Bh1 Qd6 17. Rc5 Be6 18. a3 b6 19. Rc3 Rac8 20. Rbc1 Na5 21. Nf3 Rxc3 22. Rxc3 Rc8 23. Rxc8+ Bxc8 24. Qc3 Qc6 25. Nd2 Qxc3 26. Bxc3 e6 27. b4 Nc4 28. Nxc4 dxc4 29. b5 f5 30. Bg2 a6 31. a4 axb5 32. axb5 Bd7 33. Bc6 Bc8 34. Kf1 Kf7 35. Ke2 Ke7 36. Bb4+ Kd8 37. d5 Bd7 38. dxe6 Bxe6 39. Kd2 Kc7 40. Bc3 Bf8 41. Bd4 Bc5 42. Bxc5 bxc5 43. Kc3 Kb6 44. h4 Bf7 45. f3 h5 46. e4 fxe4 47. fxe4 Kc7 48. Bd5 Be8 49. Kxc4 Kb6 50. Be6 Bxb5+ 51. Kd5 Bc6+ 52. Ke5 Kb5 53. Ba2 Kb4 54. Kf4 c4 55. e5 c3 56. Bb1 Be8 57. Kg5 Kb3 58. Kf6 c2 59. Bxc2+ Kxc2 60. Ke7 Bb5 61. Kf7 Kd3 62. Kxg6 Be8+ 63. Kf5 Ke3 64. g4 Bd7+ 65. e6 Bxe6+ 66. Kxe6 hxg4 67. h5 g3 68. h6 g2 69. h7 g1Q 70. h8Q Qg4+ 71. Kf7 Qd7+ 72. Kg8 1/2-1/2

[Event "BRA-ch (Women) 62nd"]
[Site "Timbo"]
[Date "2023.10.30"]
[Round "3"]
[White "Tribess, Leticia Gabriele"]
[Black "Ramos, Fernanda Cabreira"]
[Result "0-1"]
[WhiteElo "1331"]
[BlackElo "1234"]
[PlyCount "96"]
[EventDate "2023.10.29"]
[EventType "swiss"]
[EventRounds "9"]
[EventCountry "BRA"]
[SourceTitle "Mega2024 Update 01"]
[Source "Chessbase"]
[SourceDate "2023.11.12"]
[SourceVersion "1"]
[SourceVersionDate "2023.11.12"]
[SourceQuality "1"]

1. e4 d5 2. exd5 Qxd5 3. Nc3 Qd8 4. d4 c6 5. Nf3 Nf6 6. Be2 e6 7. 0-0 Be7 8. Bf4 0-0 9. Bc4 Nbd7 10. Ne5 Nd5 11. Nxd5 exd5 12. Bd3 Nf6 13. h3 Qb6 14. b3 Qd8 15. Re1 Bb4 16. Re3 Kh8 17. Rb1 Qa5 18. Re2 Nh5 19. Bd2 Nf6 20. Bxb4 Qxb4 21. c4 Be6 22. Qd2 Qxd2 23. Rxd2 Rad8 24. Re1 Nd7 25. f4 dxc4 26. Bxc4 Bxc4 27. Nxc4 Nf6 28. Na5 Rd7 29. Rc2 Rc8 30. g4 h6 31. g5 hxg5 32. fxg5 Nd5 33. Nc4 Nb4 34. Rd2 Kg8 35. a3 Nd5 36. Re4 Nc3 37. Re3 Nb5 38. Red3 Rcd8 39. Kf2 Rxd4 40. Rxd4 Nxd4 41. Na5 b6 42. Nc4 c5 43. b4 Rd5 44. bxc5 bxc5 45. h4 Rf5+ 46. Kg2 Rf4 47. Ne5 Rxh4 48. g6 fxg6 0-1

[Event "Florianopolis op 9th"]
[Site "Florianopolis"]
[Date "2023.01.28"]
[Round "9"]
[White "Ramos, Fernanda Cabreira"]
[Black "Rey, Antonio"]
[Result "1-0"]
[WhiteElo "1136"]
[BlackElo "1434"]
[PlyCount "79"]
[EventDate "2023.01.23"]
[EventType "swiss"]
[EventRounds "10"]
[EventCountry "BRA"]
[SourceTitle "CBM 212 Extra"]
[Source "ChessBase"]
[SourceDate "2023.03.31"]
[SourceVersion "1"]
[SourceVersionDate "2023.03.31"]
[SourceQuality "1"]

1. Nf3 d5 2. d4 Nf6 3. g3 Bg4 4. Bg2 e6 5. c3 Be7 6. 0-0 0-0 7. Nbd2 Nbd7 8. b3 c5 9. Ba3 Rc8 10. Bb2 b5 11. Rc1 Qb6 12. Qe1 c4 13. b4 a5 14. a3 a4 15. e4 Bxf3 16. Bxf3 dxe4 17. Nxe4 Nd5 18. Bg2 f5 19. Nc5 Nxc5 20. dxc5 Qc6 21. Rd1 Bf6 22. Qd2 Rcd8 23. Qc1 Qc7 24. Rfe1 Ne7 25. Rxd8 Rxd8 26. Rxe6 Qd7 27. Rd6 Qc7 28. Rxd8+ Qxd8 29. Qe1 Qd7 30. Bc1 Nc6 31. Bf4 g5 32. Bd6 Nd8 33. Bd5+ Kg7 34. Bg2 Nf7 35. Qd2 Kg6 36. Bd5 Nxd6 37. cxd6 Be5 38. f4 gxf4 39. gxf4 Bxd6 40. Qg2+ 1-0

[Event "Timbo op 2nd"]
[Site "Timbo"]
[Date "2022.02.18"]
[Round "2"]
[White "Ramos, Fernanda Cabreira"]
[Black "Tribess, Leticia Gabriele"]
[Result "1-0"]
[WhiteElo "1166"]
[BlackElo "1401"]
[PlyCount "55"]
[EventDate "2022.02.17"]
[EventType "swiss"]
[EventRounds "7"]
[EventCountry "BRA"]
[SourceTitle "EXT 2023"]
[Source "ChessBase"]
[SourceDate "2022.10.05"]
[SourceVersion "1"]
[SourceVersionDate "2022.10.05"]
[SourceQuality "1"]

1. Nf3 c5 2. c4 d6 3. e3 Nf6 4. d4 Nc6 5. g3 cxd4 6. exd4 e6 7. Bg2 Be7 8. 0-0 0-0 9. Nc3 Qc7 10. Re1 b6 11. Bf4 Rd8 12. c5 bxc5 13. dxc5 e5 14. cxd6 Bxd6 15. Bg5 Be7 16. Qc2 Nb4 17. Qb3 Be6 18. Qa4 Nd3 19. Re2 Rab8 20. Rb1 Nxb2 21. Rbxb2 Rxb2 22. Rxb2 Qxc3 23. Rc2 Rd1+ 24. Bf1 Qxf3 25. Bxf6 Bh3 26. Rc8+ Bf8 27. Rxf8+ Kxf8 28. Qb4+ 1-0

[Event "Timbo op 2nd"]
[Site "Timbo"]
[Date "2022.02.17"]
[Round "1"]
[White "Dull, Amanda Paul"]
[Black "Ramos, Fernanda Cabreira"]
[Result "1-0"]
[WhiteElo "1810"]
[BlackElo "1166"]
[PlyCount "131"]
[EventDate "2022.02.17"]
[EventType "swiss"]
[EventRounds "7"]
[EventCountry "BRA"]
[SourceTitle "EXT 2023"]
[Source "ChessBase"]
[SourceDate "2022.10.05"]
[SourceVersion "1"]
[SourceVersionDate "2022.10.05"]
[SourceQuality "1"]

1. d4 d5 2. Bf4 Nf6 3. e3 Nc6 4. c3 g6 5. Nd2 Bg7 6. Be2 Bf5 7. h3 Ne4 8. Ngf3 0-0 9. 0-0 Re8 10. Rc1 e5 11. dxe5 Nxe5 12. Nxe5 Bxe5 13. Bxe5 Rxe5 14. Nf3 Re8 15. Qb3 Rb8 16. Rfd1 Be6 17. Qc2 a6 18. c4 c6 19. Nd4 Qf6 20. Bd3 Rbc8 21. Bxe4 dxe4 22. Nxe6 Qxe6 23. Rd2 b5 24. b3 Re7 25. cxb5 axb5 26. Rcd1 Ree8 27. Rd6 Qf5 28. Rxc6 Rxc6 29. Qxc6 Rc8 30. Qa6 Rc2 31. Rf1 Kg7 32. Qa7 Qf6 33. a4 bxa4 34. Qxa4 Qb2 35. Qxe4 Qxb3 36. Qd4+ Kg8 37. Ra1 Qb8 38. h4 Rb2 39. Qd3 Kg7 40. Rd1 Rb3 41. Qd4+ Kh6 42. Qf6 Qc7 43. g3 Qc2 44. Rf1 Rb7 45. Qf3 Rc7 46. h5 Qf5 47. Kg2 Qxf3+ 48. Kxf3 gxh5 49. Rd1 Re7 50. Kf4 Kg6 51. e4 Re6 52. Rd5 Rf6+ 53. Ke3 Re6 54. f4 f5 55. Rxf5 h6 56. Rd5 Re8 57. Rd6+ Kg7 58. f5 Kh7 59. Kf4 Rg8 60. Rg6 Rxg6 61. fxg6+ Kxg6 62. Ke5 Kf7 63. Kd6 Ke8 64. Ke6 Kf8 65. Kd7 Kf7 66. e5 1-0

[Event "Pan American-ch U1700"]
[Site "Timbo"]
[Date "2021.12.04"]
[Round "8"]
[White "Ramos, Fernanda Cabreira"]
[Black "Da Costa, Evelyn Maria Fuck"]
[Result "1-0"]
[WhiteElo "1137"]
[BlackElo "1239"]
[PlyCount "65"]
[EventDate "2021.12.01"]
[EventType "swiss"]
[EventRounds "9"]
[EventCountry "BRA"]
[SourceTitle "CBM 205 Extra"]
[Source "ChessBase"]
[SourceDate "2022.01.31"]
[SourceVersion "1"]
[SourceVersionDate "2022.01.31"]
[SourceQuality "1"]

1. Nf3 d5 2. d4 Nf6 3. g3 g6 4. Bg2 Bg7 5. 0-0 Bf5 6. Bf4 0-0 7. Nc3 Nbd7 8. b3 c5 9. e3 Nh5 10. Nxd5 Nxf4 11. Nxf4 cxd4 12. exd4 Qc7 13. c4 e5 14. Nd5 Qd6 15. dxe5 Nxe5 16. Nxe5 Bxe5 17. Ne3 Qxd1 18. Raxd1 Bc8 19. Rfe1 Rb8 20. Nd5 Rd8 21. Nf6+ Bxf6 22. Rxd8+ Kg7 23. Bxb7 Rxb7 24. Rxc8 Re7 25. Kf1 Re6 26. Rb8 Ra6 27. a4 Bc3 28. Rc1 Be5 29. Rb7 Rd6 30. c5 Rc6 31. b4 a5 32. b5 Rxc5 33. Rxc5 1-0

[Event "Pan American-ch U1700"]
[Site "Timbo"]
[Date "2021.12.01"]
[Round "1"]
[White "Ramos, Fernanda Cabreira"]
[Black "Andrade, Moacir Belarmino F"]
[Result "0-1"]
[WhiteElo "1137"]
[BlackElo "1540"]
[PlyCount "80"]
[EventDate "2021.12.01"]
[EventType "swiss"]
[EventRounds "9"]
[EventCountry "BRA"]
[SourceTitle "CBM 205 Extra"]
[Source "ChessBase"]
[SourceDate "2022.01.31"]
[SourceVersion "1"]
[SourceVersionDate "2022.01.31"]
[SourceQuality "1"]

1. f4 Nf6 2. Nf3 e6 3. g3 Be7 4. Bg2 Nc6 5. e3 d5 6. d4 b6 7. Qe2 0-0 8. Nc3 Bb4 9. Bd2 a5 10. 0-0-0 Ba6 11. Qe1 Rc8 12. e4 Bxc3 13. Bxc3 Nxe4 14. Ne5 Nxe5 15. Bxe4 Nd7 16. Bd3 Bxd3 17. Rxd3 c5 18. Qf2 c4 19. Re3 b5 20. f5 b4 21. Be1 c3 22. b3 a4 23. fxe6 fxe6 24. Qg2 axb3 25. cxb3 Qg5 26. Qe2 e5 27. Kc2 exd4 28. Rd3 Rce8 29. Qg2 Re4 30. h4 Qg4 31. h5 Re2+ 32. Qxe2 Qxe2+ 33. Rd2 cxd2 34. Bxd2 Qe4+ 35. Kd1 Qxh1+ 36. Kc2 Qe4+ 37. Kd1 Rf1+ 38. Be1 Qd3+ 39. Kc1 Rxe1+ 40. Kb2 Rb1# 0-1